Clubs vainqueurs de la Bundesliga féminine - Statistiques

Statistiques générales
  • Ce quiz a été pris 84 fois
  • Le résultat moyen est 14 sur 32
Statistiques - réponses
Saison Club % Correct
2014-2015 Bayern Munich
97%
2015-2016 Bayern Munich
97%
2020-2021 Bayern Munich
97%
2012-2013 VfL Wolfsburg
78%
2013-2014 VfL Wolfsburg
78%
2016-2017 VfL Wolfsburg
78%
2017-2018 VfL Wolfsburg
78%
2018-2019 VfL Wolfsburg
78%
2019-2020 VfL Wolfsburg
78%
2021-2022 VfL Wolfsburg
78%
1998-1999 FFC Francfort
54%
2000-2001 FFC Francfort
54%
2001-2002 FFC Francfort
54%
2002-2003 FFC Francfort
54%
2004-2005 FFC Francfort
54%
2006-2007 FFC Francfort
54%
2007-2008 FFC Francfort
54%
2003-2004 FFC Turbine Potsdam
25%
2005-2006 FFC Turbine Potsdam
25%
2008-2009 FFC Turbine Potsdam
25%
2009-2010 FFC Turbine Potsdam
25%
2010-2011 FFC Turbine Potsdam
25%
2011-2012 FFC Turbine Potsdam
25%
1999-2000 FCR Duisbourg
10%
1996-1997 Grün-Weiß Brauweiler
5%
1990-1991 TSV Siegen
5%
1991-1992 TSV Siegen
5%
1993-1994 TSV Siegen
5%
1995-1996 TSV Siegen
5%
1994-1995 FSV Francfort
4%
1997-1998 FSV Francfort
4%
1992-1993 TuS Niederkirchen
4%
Aucun quiz correspondant
Distribution des résultats
% des personnes avec chaque résultat
Percentile par nombre de réponses
Votre historique - résultats
Vous n’avez pas pris ce quiz